| 000 | 00469nam a22001817a 4500 | ||
|---|---|---|---|
| 005 | 20180710110232.0 | ||
| 008 | 160525b xxu||||| |||| 00| 0 eng d | ||
| 020 | _a978-817194-524-5 | ||
| 041 | _aeng | ||
| 082 |
_b4815 _a658.15: |
||
| 100 |
_aLal, Jawahar _9514 |
||
| 245 | _aCorporate Financial Reporting:theory practice and cases | ||
| 250 | _a3rd ed. | ||
| 260 |
_aNew Delhi _bAcademic Faundation |
||
| 300 | _a523p, | ||
| 650 |
_aManagement _9241 |
||
| 942 | _cBK | ||
| 999 |
_c1645 _d1644 |
||